000 00461nmm a2200169Ia 4500
008 251105s9999||||xx |||||||||||||||||und||
020 _a9788416465842
041 _aspa
100 _aGonzález, Miguel Ángel
245 0 _aTodos los miedos
264 _a[Madrid, España] :
_bSiruela,
_c2016
300 _a151 páginas
490 _aNuevos tiempos
650 _aSpanish narrative
856 _uhttps://public.digitaliapublishing.com/a/44767
942 _cCF
999 _c77784
_d77784